00444nam a2200145Ia 4500008004100000050001000041050001500051100002200066245002600088260002600114260000900140300001600149999001900165952011400184160319s9999 xx 000 0 und d a372.6 bR456h 2001 aReyes, Maurita A. aHiyas ng Kayumanggi 3 bAbiva Pub. House Inc. c2001 a280 pages : c292129d292129 001040aSSISBbSSISBcFILd2016-03-19l0oFil 372.6 R456h 2001pUS 0176r2016-03-19 00:00:00w2016-03-19yBK